Tareekh e Tabari (part 7 ) (Record no. 11717)
[ view plain ]
| 000 -LEADER | |
|---|---|
| fixed length control field | 00358nam a22001337a 4500 |
| 082 ## - DEWEY DECIMAL CLASSIFICATION NUMBER | |
| Classification number | 297.09 JAF |
| 100 ## - MAIN ENTRY--PERSONAL NAME | |
| Personal name | Jafar Muhammad Ibn-e-Jareer Tabari |
| 245 ## - TITLE STATEMENT | |
| Title | Tareekh e Tabari (part 7 ) |
| 260 ## - PUBLICATION, DISTRIBUTION, ETC. | |
| Place of publication, distribution, etc. | Karachi |
| Name of publisher, distributor, etc. | Nabela Abrar |
| Date of publication, distribution, etc. | 2004 |
| 300 ## - PHYSICAL DESCRIPTION | |
| Extent | 224p. : |
| Accompanying material | 27 cm |
| 650 ## - SUBJECT ADDED ENTRY--TOPICAL TERM | |
| Topical term or geographic name entry element | Islamic fundamentalism |
| 700 ## - ADDED ENTRY--PERSONAL NAME | |
| Personal name | Jafar Muhammad Ibn-e-Jareer Tabari |
| 942 ## - ADDED ENTRY ELEMENTS (KOHA) | |
| Koha item type | Book |
| Withdrawn status | Lost status | Damaged status | Not for loan | Collection code | Permanent Location | Current Location | Shelving location | Date acquired | Source of acquisition | Cost, normal purchase price | Full call number | Barcode | Date last seen | Price effective from | Koha item type |
|---|---|---|---|---|---|---|---|---|---|---|---|---|---|---|---|
| Central Library (CL) | Central Library (CL) | General Stacks | 04/09/2013 | Allied Book Company | 548.57 | 297.09 JAF | SEECS012268 | 04/15/2013 | 04/15/2013 | Reference |
